000 00457nam a22001697a 4500
003 MACL
005 20160114135327.0
008 160114b xxu||||| |||| 00| 0 eng d
040 _cMACL
041 _aEnglish
082 _a398/SAH
100 _aSahay,Sarita
_932237
245 _aTribal Folktales of India A Study in Anthropological Perspective
260 _aNew Delhi
_bDiscovery Publishing House
_c2013
650 _aFolktales
_932238
942 _2ddc
_cBK
999 _c52222
_d52222